| 000 | 00502nam a22001697a 4500 | ||
|---|---|---|---|
| 999 |
_c9220 _d9220 |
||
| 008 | 210330b ||||| |||| 00| 0 eng d | ||
| 040 | _aBMS College of Architecture | ||
| 100 | _aSaha, Nirvik | ||
| 245 | _aMetro station at Kolkata west Bengal | ||
| 300 | _aNA | ||
| 500 | _a1BM02AT016 | ||
| 502 |
_8B.Arch _NBMS College of Architecture, Visvesvaraya Technological University _aProject report _d2006 |
||
| 650 | _aKolkata | ||
| 650 | _aWest Bengal | ||
| 700 |
_aSatish Rao _eGuide |
||
| 942 |
_2ddc _cTHE |
||